| 000 | 00431nam a22001577a 4500 | ||
|---|---|---|---|
| 005 | 20231129130612.0 | ||
| 008 | 231129b |||||||| |||| 00| 0 eng d | ||
| 041 | _aEnglish | ||
| 082 | _a340.06 PRA | ||
| 100 | _lEnglish | ||
| 245 | _aPractical Legal Training for Candidate Attorneys | ||
| 260 | _c1996 | ||
| 300 |
_b9 pages ; _c30,3 cm. |
||
| 650 |
_aLegal practices _bLaw |
||
| 942 |
_cBK _6ALISON_BN_VRIES |
||
| 999 |
_c1050 _d1050 |
||